Modalidades del triatlón - Estadísticas

Estadísticas generales
  • Esta prueba ha sido intentada 4 veces
  • La puntuación promedio es 10 de 20
Estadísticas de respuestas
Respuesta % Correcto
10 km
100%
10 km
100%
40 km
100%
5 km
100%
1.5 km
75%
20 km
75%
2.5 km
75%
42.2 km
75%
21.1 km
50%
3.8 km
50%
90 km
50%
180 km
25%
1.9 km
25%
250-400 m
25%
750 m
25%
Ironman
25%
Olímpico
25%
Ironman 70.3
0%
Sprint
0%
SuperSprint
0%
No se encontraron pruebas coincidentes
Distribución de puntuación
Porcentaje de gente con cada puntuación
Porcentaje por número respondido
Historial de tus puntuaciones
No has intentado esta prueba.